00600 2200205 4500001002100000005001700021008004100038035002400079082001100103090002100114100002000135245010800155260003200263300002800295650002400323850001200347980001500359985000600374999001400380YOGYA-0209000005316520090227033122.0 ind  0010-020900000053165 a745.92 a745.92bErk SlT aERKA, Yulie. Nn aSeni merangkai bungabPedoman cara merangkai bunga menyusun buah dan sayur style eropacNn. Yoelie Erka aSemarangbAneka Ilmuc[s.a] axi, 50 hlmbilusc21 cm aKetrampilan praktis aYOPDYOG a18-12-2007 a1 a98P114191